000 01646nam a2200361 c 4500
003 BLK
005 20180806090543.0
008 180413b bul|||||r ||||||| ||bul||
010 _aKNG00028483000
020 _a954-736-008-6
_bиздат.: Пик
040 _aBLK
041 _aSER
_cDRS
_hBUL
080 _aЛексикология. Езикови речници и разговорници. Лексикография
_b81`374
_x=163.41=163.2
_z81`374=163.41=163.2
080 _aСръбски език
_b811.163.41
_x-314.2(038.1)
_z811.163.41-314.2(038.1)
080 _aБългарски език
_b811.163.2
_x-314.2(038.1)
_z811.163.2-314.2(038.1)
100 1 _aИванова, Ценка
_eпърви автор
_9366095
700 1 _aАлексич, Мариана
_eсъавт.
_9268444
139 _aИванова, Ценка и др.
_bИ 22
245 1 0 _aСръбско-български тематичен речник
_bЛексикон на междуезиковите омоними и полисеми
_cЦенка Иванова; съавт. Мариана Алексич.
246 1 1 _aСрпско-бугарски тематски речник
257 _aBGR
260 В. Търново
_bПик
_c1999
300 _a288 с.
_c20 см
380 _a80
650 4 _aСръбски език - речници, сръбско-български
_9268445
653 _aсръбско-български речници
653 _aтематични речници
852 _aЦб 201175
856 4 _qpdf
_u
856 4 _qpdf
_u
942 _cKNG
_n0
_01
944 _aCR
_c15.01.2003
_kТеодора_Стоянова
944 _aED
_c21.01.2004
_k
999 _c25937
_d25937